Special report: international (Record no. 74278)
[ view plain ]
| 000 -LEADER | |
|---|---|
| fixed length control field | 01624cab a2200361 4500 |
| 001 - CONTROL NUMBER | |
| control field | ABS67631 |
| 008 - FIXED-LENGTH DATA ELEMENTS--GENERAL INFORMATION | |
| fixed length control field | 040317n2004 000 0 eng u |
| 035 ## - SYSTEM CONTROL NUMBER | |
| System control number | (Sirsi) u125447 |
| 100 ## - MAIN ENTRY--PERSONAL NAME | |
| Personal name | Chapman, P. |
| 245 ## - TITLE STATEMENT | |
| Title | Special report: international |
| 260 ## - PUBLICATION, DISTRIBUTION, ETC. | |
| Date of publication, distribution, etc. | 2004 |
| 490 ## - SERIES STATEMENT | |
| Series statement | National Real Estate Investor |
| Volume/sequential designation | 46(2) February 2004, 19-34(13) |
| 520 ## - SUMMARY, ETC. | |
| Summary, etc. | The first article "Private office developers blaze new trail in Europe" looks at the current position of early American private office developers in Moscow and Warsaw. "Retailing roster grows overseas" highlights why American retailers and investors are expanding into Europe and Asia by partnering with local affiliates. "Hoteliers head for the far East"considers how developers and hotel companies are seizing the opportunity to grow market share in China. The final article "Multinational corporations zero in on cost-efficiency" discusses how international service providers who have global real estate responsibilities for multinational corporations are driving major change in how companies manage their properties. |
| 590 ## - LOCAL NOTE (RLIN) | |
| Local note | ABS |
| 650 ## - SUBJECT ADDED ENTRY--TOPICAL TERM | |
| Topical term or geographic name entry element | MOSCOW |
| 650 ## - SUBJECT ADDED ENTRY--TOPICAL TERM | |
| Topical term or geographic name entry element | WARSAW |
| 650 ## - SUBJECT ADDED ENTRY--TOPICAL TERM | |
| Topical term or geographic name entry element | EUROPE |
| 650 ## - SUBJECT ADDED ENTRY--TOPICAL TERM | |
| Topical term or geographic name entry element | AMERICA |
| 650 ## - SUBJECT ADDED ENTRY--TOPICAL TERM | |
| Topical term or geographic name entry element | PROPERTY-COMMERCIAL PROPERTY |
| 650 ## - SUBJECT ADDED ENTRY--TOPICAL TERM | |
| Topical term or geographic name entry element | REAL ESTATE MARKETS |
| 650 ## - SUBJECT ADDED ENTRY--TOPICAL TERM | |
| Topical term or geographic name entry element | OFFICE DEVELOPMENT |
| 650 ## - SUBJECT ADDED ENTRY--TOPICAL TERM | |
| Topical term or geographic name entry element | SERVICE PROVIDERS |
| 650 ## - SUBJECT ADDED ENTRY--TOPICAL TERM | |
| Topical term or geographic name entry element | MULTINATIONAL COMPANIES |
| 650 ## - SUBJECT ADDED ENTRY--TOPICAL TERM | |
| Topical term or geographic name entry element | CHINA |
| 650 ## - SUBJECT ADDED ENTRY--TOPICAL TERM | |
| Topical term or geographic name entry element | HOTEL MARKET |
| 650 ## - SUBJECT ADDED ENTRY--TOPICAL TERM | |
| Topical term or geographic name entry element | COST EFFICIENCY |
| 650 ## - SUBJECT ADDED ENTRY--TOPICAL TERM | |
| Topical term or geographic name entry element | GLOBAL PROPERTY MARKET |
| 690 ## - LOCAL SUBJECT ADDED ENTRY--TOPICAL TERM (OCLC, RLIN) | |
| Topical term or geographic name as entry element | INTERNATIONAL |
| 700 ## - ADDED ENTRY--PERSONAL NAME | |
| Personal name | McLinden, S. |
| 700 ## - ADDED ENTRY--PERSONAL NAME | |
| Personal name | Webb, S. |
| 700 ## - ADDED ENTRY--PERSONAL NAME | |
| Personal name | Gose, J. |
| 942 ## - ADDED ENTRY ELEMENTS (KOHA) | |
| Suppress in OPAC | 0 |
| Withdrawn status | Lost status | Source of classification or shelving scheme | Damaged status | Not for loan | Home library | Current library | Shelving location | Date acquired | Total Checkouts | Full call number | Barcode | Date last seen | Copy number | Price effective from | Koha item type |
|---|---|---|---|---|---|---|---|---|---|---|---|---|---|---|---|
| Dewey Decimal Classification | London | London | Journal article | 17/03/2004 | ABS67631 | 125447-1001 | 06/08/2019 | 1 | 06/08/2019 | Journal article |